La infancia y el medio ambiente
Guardat en:
| Autor corporatiu: | , |
|---|---|
| Format: | Llibre |
| Idioma: | espanyol |
| Publicat: |
Nueva York
UNICEF
1990
|
| Matèries: | |
| Etiquetes: |
Afegir etiqueta
Sense etiquetes, Sigues el primer a etiquetar aquest registre!
|
MARC
| LEADER | 00000nam a2200000 a 4500 | ||
|---|---|---|---|
| 001 | UCW6253 | ||
| 003 | CL-VaPUC | ||
| 008 | 911118e19900000US |||||||||||||||||spa|d | ||
| 082 | 0 | 4 | |a 304.2 |b UNI |2 21 |
| 110 | 2 | |a UNICEF |e author |9 311291 | |
| 710 | 2 | |a PNUMA |e author |9 311292 | |
| 245 | 1 | 3 | |a La infancia y el medio ambiente |
| 246 | 1 | 0 | |a Estado del Medio Ambiente 1990 |
| 300 | |a 73 p | ||
| 942 | |c BK | ||
| 945 | |d 19911118 00:00:00 | ||
| 260 | |a Nueva York |b UNICEF |c 1990 | ||
| 650 | 7 | |a NIÑOS Y MEDIO AMBIENTE |2 CL-VaPUC |9 311293 | |
| 650 | 7 | |a HOMBRE |2 CL-VaPUC |9 262149 | |
| 650 | 7 | |a INFLUENCIA DEL MEDIO AMBIENTE |2 CL-VaPUC |9 311294 | |
| 650 | 7 | |a INFLUENCIA SOBRE LA NATURALEZA |2 CL-VaPUC |9 262150 | |
| 583 | |a last modification |c 19911118 00:00:00 |k Rodrigo Vera | ||
| 999 | |c 219387 |d 219385 | ||
| 952 | |0 0 |1 0 |4 0 |6 304_200000000000000_UNI_1990 |7 0 |8 A |9 210275 |a BIBEDU |b BIBEDU |d 2019-11-15 |i 278341K |o 304.2 UNI 1990 |p 278341K |r 2019-11-15 |w 2019-11-15 |y BK |k EDU | ||
| 952 | |0 0 |1 0 |4 0 |6 304_200000000000000_UNI_1990 |7 0 |8 A |9 210276 |a BIBEDU |b BIBEDU |d 2019-11-15 |i 2783428 |o 304.2 UNI 1990 |p 2783428 |r 2019-11-15 |w 2019-11-15 |y BK |k EDU | ||